[Event "New Zealand Seniors Chess Championship 2016"]
[Site "Mt Maunganui NZL"]
[Date "2016.04.24"]
[Round "4.1"]
[White "Dive, Russell J"]
[Black "Bennett, Hilton P"]
[Result "1-0"]
[WhiteElo "2452"]
[BlackElo "2052"]
[EventDate "2016.04.23"]
[PlyCount "0"]
[SourceDate ""]

1.Nf3 Nf6 2.c4 g6 3.g3 Bg7 4.Bg2 O-O 5.O-O d6 6.Nc3 c6 7.d4 Qa5 8.Re1 Qh5 
9.e4 Bh3 10.Bh1 Ng4 11.e5 Nd7 12.exd6 exd6 13.Bf4 Rfe8 14.Bxd6 Ndf6 15.Qd2
Rad8 16.Rxe8+ Nxe8 17.Be7 Rd7 18.Re1 Nef6 19.Qg5 Qxg5 20.Nxg5 Nxf2 21.d5 
Nd3 22.Bxf6 Bxf6 23.Re8+ Kg7 24.Nxh3 Bd4+ 25.Kf1 Nxb2 26.dxc6 bxc6 27.Bxc6
Rd6 28.Nb5 Rf6+ 29.Kg2 Bc5 30.Bd5 Nd1 31.Nf4 Ra6 32.Re2 Ne3+ 33.Kf3 Nf5 
34.Nd3 Bf8 35.Ne5 Rf6 36.Kg2 a6 37.Nc7 Rb6 38.Ne8+ 1-0

[Event "New Zealand Seniors Chess Championship 2016"]
[Site "Mt Maunganui NZL"]
[Date "2016.04.24"]
[Round "4.2"]
[White "Smith, Vivian J"]
[Black "Smith, Robert W"]
[Result "0-1"]
[WhiteElo "1835"]
[BlackElo "2337"]
[EventDate "2016.04.23"]
[PlyCount "0"]
[SourceDate ""]

1.e4 c5 2.Nc3 Nc6 3.f4 e6 4.Nf3 a6 5.a4 d5 6.d3 Nf6 7.e5 d4 8.exf6 dxc3 9.
bxc3 Qxf6 10.Bd2 Bd6 11.g3 e5 12.Nxe5 Nxe5 13.fxe5 Bxe5 14.Ra3 O-O 15.Qe2 
Re8 16.Kd1 Bd7 17.Bg2 Bxc3 18.Qf3 Qg6 19.Qf4 Bg4+ 20.Bf3 Bxf3+ 21.Qxf3 
Bxd2 22.Kxd2 Qg5+ 23.Qf4 Qxf4+ 24.gxf4 b5 25.axb5 axb5 26.Rha1 Rxa3 27.
Rxa3 g6 28.Ra5 Rb8 29.Ra6 Rc8 30.Rb6 b4 31.c3 bxc3+ 32.Kxc3 Rd8 33.Rc6 Rd5
34.Kd2 Kg7 35.Ke3 Kh6 36.Ke4 Rf5 37.Rd6 Rh5 38.Rd5 Rxh2 39.Rxc5 f5+ 40.Ke3
Kh5 41.d4 Rh3+ 42.Kd2 Kg4 43.d5 Ra3 44.d6 Ra7 45.Rc7 Ra6 46.d7 Rd6+ 47.Ke3
Kg3 48.Ke2 Kxf4 0-1

[Event "New Zealand Seniors Chess Championship 2016"]
[Site "Mt Maunganui NZL"]
[Date "2016.04.24"]
[Round "4.3"]
[White "Gibbons, Robert E"]
[Black "Yee, Stanley"]
[Result "1/2-1/2"]
[WhiteElo "2075"]
[BlackElo "2016"]
[EventDate "2016.04.23"]
[PlyCount "0"]
[SourceDate ""]

1.Nf3 d5 2.g3 Nf6 3.Bg2 Bg4 4.O-O g6 5.b3 Bg7 6.Bb2 O-O 7.d4 Qc8 8.Re1 c6 
9.Nbd2 Na6 10.Rc1 b5 11.c4 bxc4 12.bxc4 Qb7 13.Ba3 Rfe8 14.Qa4 Bf5 15.Ne5 
Nb8 16.Nb3 e6 17.f3 g5 18.e4 Bg6 19.Nxg6 hxg6 20.Nc5 Qc8 21.cxd5 exd5 22.
e5 Nfd7 23.Nd3 Nb6 24.Qc2 Nc4 25.Bb2 Nd7 1/2-1/2

[Event "New Zealand Seniors Chess Championship 2016"]
[Site "Mt Maunganui NZL"]
[Date "2016.04.24"]
[Round "4.4"]
[White "Kerr, Grant"]
[Black "Jackson, L Ross"]
[Result "1-0"]
[WhiteElo "1658"]
[BlackElo "2027"]
[EventDate "2016.04.23"]
[PlyCount "0"]
[SourceDate ""]

1.e4 c5 2.d4 cxd4 3.c3 dxc3 4.Nxc3 Nc6 5.Nf3 d6 6.Bc4 e6 7.O-O a6 8.Qe2 
Be7 9.Rd1 Qc7 10.Bf4 Ne5 11.Bxe5 dxe5 12.Rac1 Qb8 13.Bb5+ axb5 14.Nxb5 Kf8
15.Nc7 Ra5 16.b4 Bxb4 17.Rd8+ Ke7 18.Re8+ Kd7 19.Qd3+ Bd6 20.Ng5 Qa7 21.
Nxf7 Qd4 22.Qh3 Rc5 23.Qxe6+ Kc6 24.Rxc5+ Qxc5 25.Qd5+ Kxc7 26.Rxc8+ Kxc8 
27.Nxd6+ Qxd6 28.Qxd6 Nf6 29.Qxe5 Rd8 30.f3 Rd7 31.g4 h6 32.h4 Kd8 33.g5 
hxg5 34.hxg5 Ne8 35.f4 Nd6 36.f5 Nc4 37.Qf4 b6 38.f6 gxf6 39.Qxf6+ 1-0

[Event "New Zealand Seniors Chess Championship 2016"]
[Site "Mt Maunganui NZL"]
[Date "2016.04.24"]
[Round "4.5"]
[White "Spiller, Paul S"]
[Black "Marko, Helmut S"]
[Result "0-1"]
[WhiteElo "2003"]
[BlackElo "1993"]
[EventDate "2016.04.23"]
[PlyCount "0"]
[SourceDate ""]

1.e4 c5 2.Nf3 Nc6 3.c3 d6 4.Bb5 Bd7 5.d4 a6 6.Ba4 b5 7.Bb3 e6 8.dxc5 dxc5 
9.e5 Nge7 10.O-O Ng6 11.Re1 Qc7 12.Qe2 Be7 13.g3 Na5 14.Bc2 Bc6 15.Nbd2 
Nb7 16.h4 c4 17.h5 Nf8 18.Ne4 Nd7 19.Bf4 Nbc5 20.Nd4 Bxe4 21.Bxe4 Nxe4 22.
Qxe4 Rc8 23.Qf3 Nc5 24.Qg4 Bf8 25.h6 g6 26.Bg5 Be7 27.Re2 Bxg5 28.Qxg5 Qe7
29.Qg4 Nd3 30.f4 Rc5 31.Nf3 O-O 32.Ng5 Rd5 33.Ne4 Rdd8 34.Rf1 Kh8 35.Kh2 
Rc8 36.Nf6 Rc7 37.Ne4 Rd8 38.Nf6 a5 39.Rd1 b4 40.Qg5 Rb8 41.Red2 bxc3 42.
bxc3 Rcb7 43.g4 a4 44.Kg3 a3 45.Kh4 Qd8 46.Kg3 Rb2 47.Kh4 Rxd2 48.Rxd2 Rb2
49.f5 Rxd2 50.Qxd2 Qb6 51.fxg6 hxg6 0-1

[Event "New Zealand Seniors Chess Championship 2016"]
[Site "Mt Maunganui NZL"]
[Date "2016.04.24"]
[Round "4.6"]
[White "Lynn, K William"]
[Black "Cooper, David J"]
[Result "1-0"]
[WhiteElo "1849"]
[BlackElo "2106"]
[EventDate "2016.04.23"]
[PlyCount "0"]
[SourceDate ""]

1.e4 e5 2.Nc3 Nc6 3.g3 Nf6 4.Bg2 Bc5 5.d3 d6 6.h3 Be6 7.Na4 Bb6 8.Ne2 h6 
9.O-O Qe7 10.Nxb6 axb6 11.a3 g5 12.d4 Bc4 13.dxe5 dxe5 14.b3 Rd8 15.Qe1 
Be6 16.Bb2 O-O 17.Nc1 Nd4 18.Bxd4 Rxd4 19.Nd3 Qd6 20.f4 Nd7 21.f5 Bxb3 22.
Nb4 Bc4 23.Rf2 Nc5 24.c3 Nd3 25.Qe3 c5 26.Rd2 cxb4 27.cxd4 Qxd4 28.Qxd4 
exd4 29.axb4 Rd8 30.Rad1 Nxb4 31.Rxd4 Rc8 32.Rd8+ Rxd8 33.Rxd8+ Kg7 34.e5 
Nc6 35.f6+ Kg6 36.Be4+ Kh5 37.Rh8 Nxe5 38.g4+ Nxg4 39.hxg4+ Kxg4 40.Rxh6 
1-0

[Event "New Zealand Seniors Chess Championship 2016"]
[Site "Mt Maunganui NZL"]
[Date "2016.04.24"]
[Round "4.9"]
[White "Findlay, John"]
[Black "Corbe, Werner"]
[Result "0-1"]
[WhiteElo "1617"]
[BlackElo "1229"]
[EventDate "2016.04.23"]
[PlyCount "0"]
[SourceDate ""]

1.e4 e5 2.Nf3 Nc6 3.d4 d6 4.d5 Nce7 5.Nc3 g6 6.Bg5 Bg7 7.Qd2 Nf6 8.Bh6 O-O
9.Bxg7 Kxg7 10.h4 h6 11.O-O-O Bg4 12.Be2 Qd7 13.Nh2 Bxe2 14.Qxe2 Nh5 15.g3
c5 16.Rhg1 a6 17.Rdf1 f5 18.exf5 Nxf5 19.Qd2 Nd4 20.f4 Kh7 21.Qd3 Rae8 22.
fxe5 Rxf1+ 23.Rxf1 dxe5 24.Ne4 Qe7 25.d6 Qe6 26.Nxc5 Qxa2 27.b3 Qa1+ 28.
Kd2 Qa5+ 29.Qc3 Qb5 30.Rf7+ Kg8 31.Rxb7 Qe2+ 32.Kc1 Qxh2 33.Qc4+ Kh8 34.
Nxa6 Qh1+ 35.Kb2 Qxb7 36.Nc7 Rd8 37.Qf7 Rg8 38.g4 Qg2 39.gxh5 Qxc2+ 40.Ka3
Qc1+ 41.Ka2 Qd2+ 42.Ka3 Nc2+ 43.Kb2 Ne3+ 44.Ka3 Qxd6+ 45.Ka2 gxh5 46.Ne6 
Ra8+ 47.Kb2 Qd2+ 0-1